1602 1688 1055 1164 1808 1907 1330 1062 1881 1899 1759 1160 1323 1772 1973 1959 1600 1963 1917 1083 1821 1019 1861 1882 1356 1195 1346 1289 1459 1861 1171 1005 1464 1426 1094 1106 1499 1066 1207 1101 1729 1678 1652 1746 1026 1543 1424 1969 1516 1270 1904 1526 1501 1762 1541 1272 1159 1345 1917 1923 1696 1141 1013 1008 1505 1140 1654 1812 1259 1864 1436 1070 1085 1407 1506 1945 1795 1322 1195 1337 1608 1109 1144 1417 1494 1204 1416 1526 1690 1502 1262 1397 1533 1865 1049 1429 1680 1919 1458 BCNSPRNW ULIB Ver.6.0+V

เปลี่ยนเป็นภาษาไทย

Change to English
 แสดงรายละเอียดบรรณานุกรม
  กลับหน้าหลัก

Brief Record : Get Marc (ISO 2709) : E-mail record : QR code < ปิดหน้าต่าง
LEADER : 00000nam 2200000uu 4500
001    13399113874
003     ULIB
008    120110s||||||||th 000 0 tha d
099    วจ.HD57.7^bส143ก
100 0  ส่งศรี กิตติรักษ์ตระกูล
245 00 การพัฒนาหลักสูตรฝึกอบรมผู้นำสถานศึกษาสังกัดกระทรวงสาธารณสุข/^cส่งศรี กิตติรักษ์ตระกูล,แสงโฉม ถนอมสิงห์ และ พัชรี ดำรงสุนทรชัย
260    นนทบุรี :^bวิทยาลัยนักบริหารสาธารณสุข,^c2554
300    195 หน้า :^bตาราง
500    รายงานการวิจัย
650  7 ผู้นำ^xการฝึกอบรม^xวิจัย
650  7 หลักสูตรฝึกอบรมผู้นำสถานศึกษา^xวิจัย
700 02 แสงโฉม ถนอมสิงห์
700 02 พัชรี ดำรงสุนทรชัย
710 2  สถาบันพระบรมราชชนก
710 2  วิทยาลัยนักบริหารสาธารณสุข
945    ^p0^l0^i030934
995    ทศพร
999 ^a ทศพร
รายการนี้ยังไม่มีแท็ก
คุณยังไม่ได้ล็อกอิน คุณสามารถมีกิจกรรมร่วมกับเว็บไซต์ได้ แต่ต้องล็อกอินก่อน ::
  ล็อกอิน

รายการสื่อสารสนเทศ

ลำดับที่ ประเภท เลขเรียก/บาร์โค้ด สถานที่ สถานะ
1. งานวิจัย
งานวิจัย
วจ.HD57.7 ส143ก ฉ.1 
  Barcode: 030934
ห้องสมุดวิทยาเขตสวรรค์ประชารักษ์
►วิจัย
บนชั้น

รายการใกล้เคียง
    ผู้แต่ง [ส่งศรี กิตติรักษ์ตระกูล]

BibComment


ยังไม่เคยถูกคอมเมนท์

คอมเมนท์ทรัพยากรรายการนี้
  คอมเมนท์: การพัฒนาหลักสูตรฝ..


 Copyright 2026. Bcnsprnw @Library